Odstraňovanie a detoxikácia mikropolutantov kombinovanými procesmi

Salvato in:
Dettagli Bibliografici
Autore principale: Čižmárová, Oľga (Autore)
Altri autori: Derco, Ján (Relatore della tesi)
Natura: Manoscritto Libro
Lingua:slovacco
Pubblicazione: 2021
Soggetti:
Accesso online:http://is.stuba.sk/zp/portal_zp.pl?podrobnosti=145751
Tags: Aggiungi Tag
Nessun Tag, puoi essere il primo ad aggiungerne!!

MARC

LEADER 00000ntm a22000003a 4500
001 stuzp66177
003 SK-STU
005 20210904210416.5
007 ta
008 150427s2015----xo-----f-mn---000-0-slo-d
040 |a STU  |b slo 
041 0 |a slo 
100 1 |a Čižmárová, Oľga  |u 046290  |4 aut  |U FCHPT Ústav chemického a environmentálneho inžinierstva  |T FCHPT Oddelenie environmentálneho inžinierstva  |X 42460  |U C6290  |Y 120  |7 A0000042460 
242 0 1 |a Removal and detoxification of micropollutants by combined processes  |y eng 
245 1 0 |a Odstraňovanie a detoxikácia mikropolutantov kombinovanými procesmi 
260 |c 2021 
650 4 |a bioreaktor  |2 slo 
650 4 |a ekotoxicita  |2 slo 
650 4 |a pesticídy  |2 slo 
650 4 |a procesy s využitím ozónu  |2 slo 
650 4 |a ecotoxicity  |2 eng 
650 4 |a ozone-based processes  |2 eng 
650 4 |a pesticides  |2 eng 
650 4 |a bioreactor  |2 eng 
700 1 |a Derco, Ján  |u 046290  |k Z1  |4 ths  |U FCHPT Ústav chemického a environmentálneho inžinierstva  |T FCHPT Oddelenie environmentálneho inžinierstva  |X 3304  |U C6290  |Y 120  |7 A000003304 
856 4 |u http://is.stuba.sk/zp/portal_zp.pl?podrobnosti=145751